00785nam a2200217 a 450000100100000000500170001000800410002702000150006804000250008310000260010824000130013424500750014726000470022230000350026950000720030450000210037670000320039704900150042995201060044499900170055000002510420200930023552.0081218s1996 dr a 000 j spa d a8440678916 aDO-SdBNPbspacBNPHU1 aAdrian Gilbert95149410aThe Magi14aLos tres reyes magos /cGilbert, Adrian ; traducción Camila Barlles. aBarcelona :bB, S.A.,c1996fLIBERDÚPLEX a358 p. :bil.,retrs. ;c22 cm. aEl camino de la sabiduría desde los egipcios hasta nuestro días aIncluye índice1 aBarlles, Camilaetr.951495 aBNPDaBNGR 00107-18PDaGRbGRcOId2011-02-10iLF1l0o p25104-10r2020-06-25w2020-06-25yLFPDZNo se presta c24597d24597